| 000 | 010540000a22002050004500 | ||
|---|---|---|---|
| 020 | _a958-607-472-2 | ||
| 082 | 0 | 4 | _aG 362.5798 M8283p |
| 100 | 1 | _aMorales Flórez, Martin Carlos | |
| 245 | 1 | 0 | _aLa pobreza en Colombia : análisis filosófico y socio-político / Martin Carlos Morales Flórez ; entrevistador Camilo Orbes M. |
| 260 | _aBogotá, Colombia : Ediciones Paulinas | ||
| 300 | _a86 p. | ||
| 501 | _aRústico | ||
| 505 | 0 | 0 | _aLiberación ¿si o no? -- ¿Con marxismo o sin marxismo? -- ¿Con doctrina social de la iglesia o sin ella? -- ¿Con socialismo o sin socialismo? -- "¿Erradicación de la pobreza absoluta?" -- ¿Vivienda para los marginados? -- ¿Canasta familiar para los pobres? -- ¿y los gamines, "tema folclórico"? |
| 650 | 1 | 4 | _aTEOLOGIA SOCIAL \ PROBLEMAS SOCIALES - CRISTIANISMO \ IGLESIA Y PROBLEMAS MUNDIALES \ Iglesia y sociedad \ TEOLOGIA DE LA LIBERACION \ POBREZA |
| 001 | 18049 | ||
| 942 | _cBK | ||
| 999 |
_c44541 _d44541 |
||
| 336 |
_atexto _btxt _2rdacontent |
||
| 337 |
_2rdamedia _asin mediación _bn |
||
| 338 |
_2rdacarrier _avolumen _bnc |
||